[Event "New York Enhance"]
[Site "New York"]
[Date "1993.??.??"]
[Round "7"]
[White "Sokolin, Leonid M"]
[Black "Friedman, Aviv"]
[Result "1/2-1/2"]
[WhiteElo "2430"]
[BlackElo "2300"]

1.d4 e6 2.Nf3 Nf6 3.c4 b6 4.Nc3 Bb7 5.a3 d5 6.cxd5 exd5 7.g3 Be7 8.Qa4+ c6
9.Bg2 O-O 10.Ne5 Nfd7 11.Nd3 Bf6 12.Nf4 b5 13.Qd1 a5 14.O-O Qb6 15.e3 g6
16.e4 dxe4 17.Be3 Bg7 18.Nxe4 Qd8 19.Qc2 Nb6 20.Nc5 Bc8 21.a4 Nxa4 22.Nxa4 bxa4
23.Qxa4 Ba6 24.Rfd1 Bb5 25.Qa3 Qf6 26.b4 a4 27.Rac1 Rd8 28.Rd2 Na6 29.d5 Bf8
30.dxc6 Bxb4 31.Rxd8+ Rxd8 32.Qa2 a3 33.Bd5 Rc8 34.Bc4 Qf5 35.Nd5 Bxc6 36.Bxa6 Bxd5
37.Rxc8+ Qxc8 38.Qxd5 Qxa6 39.Qd8+ Kg7 40.Qd4+ f6 41.Qxb4 a2  1/2-1/2

[Event "Nikolaev zt"]
[Site "Nikolaev"]
[Date "1993.??.??"]
[Round "?"]
[White "Verdihanov, Vladislav"]
[Black "Brodsky, Michail"]
[Result "0-1"]
[WhiteElo "2270"]
[BlackElo "2520"]

1.d4 Nf6 2.c4 e6 3.Nf3 b6 4.Nc3 Bb7 5.Bg5 Be7 6.e3 h6 7.Bh4 O-O 8.Bd3 c5
9.O-O cxd4 10.exd4 d5 11.Re1 dxc4 12.Bxc4 Nc6 13.Rc1 Rc8 14.Be2 Nd5 15.Bxe7 Ndxe7
16.Qd2 Qd6 17.Red1 Rfd8 18.Bd3 Qb8 19.Qe3 Nb4 20.Bb1 Nbd5 21.Qd3 Nf6 22.Qe2 Qf4
23.Qe5 Qxe5 24.dxe5 Rxd1+ 25.Rxd1 Bxf3 26.gxf3 Nfd5 27.Ne2 g5 28.Kg2 Kg7
29.Be4 Rc5 30.Kg3 Ng6 31.Bxd5 exd5 32.Nc3 Nf4 33.h4 Kg6 34.hxg5 hxg5 35.Kg4 b5
36.a3 a5 37.Rd2 b4 38.axb4 axb4 39.Nd1 Rc1 40.Rd4 b3 41.Rd2 Rc2 42.Rd4 Rc4
43.Rd2 Ne2+ 44.Kh3 Rc2  0-1

[Event "Nikolaev zt"]
[Site "Nikolaev"]
[Date "1993.??.??"]
[Round "?"]
[White "Borovikov, Vladislav"]
[Black "Brodsky, Michail"]
[Result "1-0"]
[WhiteElo "2385"]
[BlackElo "2520"]

1.d4 Nf6 2.Nf3 e6 3.c4 b6 4.Nc3 Bb7 5.a3 d5 6.cxd5 Nxd5 7.e3 g6 8.Bb5+ c6
9.Bd3 Bg7 10.O-O O-O 11.e4 Nxc3 12.bxc3 c5 13.Bg5 Qc7 14.Qd2 Nd7 15.Rfe1 Rfe8
16.h4 Rac8 17.h5 e5 18.Rac1 Qd6 19.d5 c4 20.Bf1 Ba6 21.Qa2 b5 22.a4 bxa4
23.Qxa4 Nc5 24.Qa2 Nb3 25.Rb1 f5 26.hxg6 h6 27.Be3 fxe4 28.Nh4 Bb5 29.Qxa7 Qd7
30.Rxb3 Qxa7 31.Bxa7 cxb3 32.Bxb5 Re7 33.Be3 Rxc3 34.Bc6 Rc7 35.Nf5 Bf8 36.Rb1 Ba3
37.d6 R7xc6 38.d7 Rd3 39.Bd4 Rxd4 40.Nxd4 Rd6 41.Nb5 Rxd7 42.Nxa3 Rd3 43.Nc4 Kg7
44.Kf1 Rc3 45.Nd2 Rc2 46.Ke2  1-0

[Event "NLD-ch"]
[Site "?"]
[Date "1993.??.??"]
[Round "?"]
[White "Cifuentes Parada, Roberto"]
[Black "Riemersma, Liafbern"]
[Result "1-0"]
[WhiteElo "2480"]
[BlackElo "2415"]

1.d4 Nf6 2.Nf3 e6 3.c4 b6 4.Nc3 Bb4 5.Bg5 h6 6.Bh4 Bb7 7.Qc2 Be4 8.Qb3 a5
9.a3 Bxc3+ 10.Qxc3 d6 11.Nd2 Bb7 12.f3 O-O 13.e3 Nbd7 14.Bd3 c5 15.O-O Re8
16.Rac1 cxd4 17.exd4 Qc7 18.b4 axb4 19.axb4 Ra7 20.Bb1 e5 21.Rfe1 Raa8 22.Kh1 Nh5
23.d5 Nhf6 24.Ne4 Nxe4 25.Bxe4 Rac8 26.Qd2 Qb8 27.Bf5 Rc7 28.Bf2 Ba6 29.Qe3 Qc8
30.b5 Bb7 31.Bxd7 Qxd7 32.Qxb6 Rec8 33.c5 Bxd5 34.c6 Qf5 35.Qe3 Rb8 36.Qe2 Qc8
37.Red1 Qe6 38.Qd3 Bb3 39.b6 Rxc6 40.Rxc6 Bxd1 41.Qxd1  1-0

[Event "NLD-chT"]
[Site "?"]
[Date "1993.??.??"]
[Round "7"]
[White "De Boer, Gert Jan"]
[Black "Douven, Rudy C"]
[Result "1-0"]
[WhiteElo "2430"]
[BlackElo "2410"]

1.Nf3 Nf6 2.c4 e6 3.Nc3 b6 4.d4 Bb4 5.Qb3 c5 6.a3 Ba5 7.Bg5 h6 8.Bh4 Bb7
9.dxc5 Na6 10.Qc2 Bxc3+ 11.Qxc3 Nxc5 12.e3 O-O 13.Be2 Nce4 14.Qd4 d6 15.b4 e5
16.Qb2 g5 17.Bg3 h5 18.Rd1 Qc8 19.h4 g4 20.Ng5 Qc6 21.Rf1 a5 22.Bh2 axb4
23.axb4 Nxg5 24.hxg5 Ne4 25.f3 Nxg5 26.Bg3 Ne6 27.Bh4 f6 28.Qc2 Kg7 29.Qf5 Qe8
30.fxg4 Bc8 31.Bxf6+ Kg8 32.gxh5 Ng7 33.Qg5  1-0

[Event "Oviedo rapid"]
[Site "Oviedo"]
[Date "1993.??.??"]
[Round "10"]
[White "Moskalenko, Viktor"]
[Black "Vaisser, Anatoli"]
[Result "0-1"]
[WhiteElo "2555"]
[BlackElo "2580"]

1.d4 Nf6 2.c4 e6 3.Nf3 b6 4.Nc3 Bb7 5.a3 d5 6.cxd5 exd5 7.g3 Be7 8.Bg2 O-O
9.O-O c5 10.Be3 Na6 11.Rc1 Ne4 12.Ne5 Bf6 13.f4 Nxc3 14.Rxc3 Rc8 15.Qa4 cxd4
16.Bxd4 Rxc3 17.bxc3 Qc7 18.Rb1 Rd8 19.Bf3 h6 20.Kg2 Be7 21.h4 Bc5 22.h5 f6
23.Nd3 Bf8 24.Qb5 Bxa3 25.Ra1  0-1

[Event "Pardubice op"]
[Site "Pardubice"]
[Date "1993.??.??"]
[Round "5"]
[White "Krouzel, Jaroslav"]
[Black "Plesek, Jiri"]
[Result "1/2-1/2"]
[WhiteElo "2255"]
[BlackElo "2390"]

1.d4 Nf6 2.Nf3 e6 3.c4 b6 4.Nc3 Bb4 5.Bg5 Bb7 6.e3 h6 7.Bh4 g5 8.Bg3 Ne4
9.Qc2 Bxc3+ 10.bxc3 d6 11.Bd3 f5 12.Rb1  1/2-1/2

[Event "Paris-ch"]
[Site "Paris"]
[Date "1993.??.??"]
[Round "2"]
[White "Wagner, Claude"]
[Black "Solozhenkin, Evgeniy"]
[Result "0-1"]
[WhiteElo "2310"]
[BlackElo "2480"]

1.d4 Nf6 2.c4 e6 3.Nf3 b6 4.Nc3 Bb4 5.Bg5 Bb7 6.Nd2 h6 7.Bh4 c5 8.a3 cxd4
9.axb4 dxc3 10.bxc3 O-O 11.e3 a5 12.Be2 Nc6 13.O-O axb4 14.cxb4 Nxb4 15.Qb3 Na6
16.Rab1 Nc5 17.Qxb6 Qxb6 18.Rxb6 Ra2 19.Nb3 Nxb3 20.Rxb7 Na5 21.Ra7 Rxe2
22.Rxa5 g5 23.Bg3 Rc8 24.Ra4 Rc2 25.Be5 Ne4 26.Ra7 d6 27.Bd4 e5 28.Ba1 Nd2
29.Rd1 R8xc4 30.h4 g4 31.Kh2 Ne4 32.Bxe5 dxe5 33.Rd8+ Kg7  0-1

[Event "RL-op"]
[Site "Polch"]
[Date "1993.??.??"]
[Round "?"]
[White "Stephan, Olaf"]
[Black "Hahn, H."]
[Result "0-1"]
[WhiteElo "1665"]
[BlackElo "1710"]

1.d4 Nf6 2.c4 e6 3.Nf3 b6 4.Nc3 Bb4 5.Bg5 h6 6.Bh4 Bb7 7.a3 Bxc3+ 8.bxc3 g5
9.Bg3 Ne4 10.Qc2 f5 11.e3 d6 12.Nd2 Nd7 13.Nxe4 Bxe4 14.Qd2 Nf6 15.f3 Bb7
16.Bd3 Qe7 17.a4 a5 18.Rb1 O-O-O 19.Qc2 Kb8 20.c5 dxc5 21.Rxb6 Nd5 22.Rb5 f4
23.exf4 gxf4 24.Bf2 Rhg8 25.dxc5 c6 26.Rxa5 Qc7 27.Ra6 Bxa6 28.Bxa6 Qe5+
29.Qe4 Qxe4+ 30.fxe4 Nxc3  0-1

[Event "Porz op29"]
[Site "Porz"]
[Date "1993.??.??"]
[Round "4"]
[White "Krebs, Hans"]
[Black "Wessler, Dirk"]
[Result "0-1"]
[WhiteElo "1715"]
[BlackElo "1855"]

1.d4 Nf6 2.c4 e6 3.Nf3 b6 4.Nc3 Bb7 5.e3 Bb4 6.Bd3 O-O 7.O-O d5 8.cxd5 exd5
9.Bd2 Nbd7 10.Rc1 Bxc3 11.Bxc3 Re8 12.b3 Ne4 13.Bb2 Rc8 14.Nd2 Ndf6 15.Nxe4 Nxe4
16.Qc2 Qg5 17.Qe2 Re6 18.f4 Qe7 19.Rf3 Re8 20.Re1 Rh6 21.f5 Nf6 22.h3 Rh4
23.Qf2 Ne4 24.Bxe4 Qxe4 25.g4 g5 26.fxg6 hxg6 27.Rf4 Qe7 28.Ba3 c5 29.dxc5 bxc5
30.Bxc5 Qxc5 31.Qxh4 Rxe3 32.Qd8+ Re8+  0-1

[Event "Porz op29"]
[Site "Porz"]
[Date "1993.??.??"]
[Round "7"]
[White "Heuft, Bernd"]
[Black "Lenzen, Josef"]
[Result "0-1"]
[WhiteElo "1765"]
[BlackElo "1665"]

1.d4 Nf6 2.c4 e6 3.Nf3 b6 4.Nc3 Bb4 5.Qb3 a5 6.a3 a4 7.Qxb4 Nc6 8.Qb5 Ra5
9.Qxa5 Nxa5 10.e3 d5 11.cxd5 Nxd5  0-1

[Event "Pula tt"]
[Site "Pula"]
[Date "1993.??.??"]
[Round "?"]
[White "Kozul, Zdenko"]
[Black "Jukic, Mirko"]
[Result "1-0"]
[WhiteElo "2550"]
[BlackElo "2480"]

1.d4 Nf6 2.Nf3 e6 3.c4 b6 4.Nc3 Bb7 5.a3 d5 6.cxd5 Nxd5 7.e3 Be7 8.Bb5+ c6
9.Bd3 Nxc3 10.bxc3 c5 11.O-O Nc6 12.Bb2 Rc8 13.Qe2 O-O 14.Rad1 cxd4 15.exd4 Bf6
16.c4 Na5 17.Ne5 Bxe5 18.dxe5 Qh4 19.f4 Nb3 20.Bc2 Nc5 21.f5 exf5 22.Rxf5 g6
23.Rd4 Qe7 24.Rg4 Rce8 25.Rh5 Bc8 26.Rg3 f5 27.e6 Rf6 28.Bxf5 Bxe6 29.Rxh7 Qxh7
30.Bxf6 Bf7 31.Qc2  1-0

[Event "CRO-Cup"]
[Site "Pula"]
[Date "1993.??.??"]
[Round "4"]
[White "Belamaric, Tanja"]
[Black "Bazaj Bockai, Snjezana"]
[Result "1/2-1/2"]
[WhiteElo "2175"]
[BlackElo "2180"]

1.d4 Nf6 2.Nf3 e6 3.c4 b6 4.Nc3 Ba6 5.Qa4 Bb7 6.a3 Be7 7.Qc2 c5 8.dxc5 bxc5
9.e4 d6 10.Bf4 Nc6 11.Rd1 O-O 12.e5 Nh5 13.Be3 Qb8 14.exd6 Bxd6 15.Ne4 Nd4
16.Nxd4 cxd4 17.Bxd4 Be5 18.Bc5 Bxe4 19.Qxe4 Qxb2 20.Bd3 Nf6 21.Qe2 Qc3+
22.Qd2 Qxd2+ 23.Kxd2 Rfd8 24.Ke2 g6 25.h3 Bd4 26.Bb4 Kg7 27.g4 e5 28.f3 Rab8
29.Rb1 Rb7 30.Bf8+ Kxf8 31.Rxb7 Bb6 32.Rc1 Nd7 33.Be4 Nc5 34.Rxb6 axb6 35.Bd5 Rd6
36.g5 Ke7 37.h4 f5 38.Rc3 Ne6 39.Re3 Nf4+ 40.Kf1 Nxd5 41.Rxe5+ Re6 42.Rxd5 Re3
43.Kf2 Rxa3  1/2-1/2

[Event "Purmerend"]
[Site "Purmerend"]
[Date "1993.??.??"]
[Round "7"]
[White "Barsov, Alexei"]
[Black "Pliester, Leon"]
[Result "1/2-1/2"]
[WhiteElo "2440"]
[BlackElo "2345"]

1.d4 Nf6 2.c4 e6 3.Nf3 b6 4.Nc3 Bb7 5.a3 g6 6.d5 exd5 7.cxd5 Bg7 8.g3 O-O
9.Bg2 c6 10.O-O Nxd5 11.Nxd5 cxd5 12.Ng5 Na6 13.Bxd5 Bxd5 14.Qxd5 Nc7 15.Qb3  1/2-1/2

[Event "Reykjavik op"]
[Site "Reykjavik"]
[Date "1993.??.??"]
[Round "9"]
[White "Gretarsson, Helgi Ass"]
[Black "Schlosser, Philipp"]
[Result "0-1"]
[WhiteElo "2370"]
[BlackElo "2520"]

1.d4 Nf6 2.c4 e6 3.Nf3 b6 4.Nc3 Bb7 5.Bg5 h6 6.Bh4 g5 7.Bg3 Nh5 8.e4 Nxg3
9.hxg3 Bg7 10.g4 Nc6 11.Qd2 Qe7 12.O-O-O O-O-O 13.Kb1 Kb8 14.a3 Rdf8 15.Qc2 h5
16.d5 Ne5 17.gxh5 Nxf3 18.gxf3 Be5 19.Be2 Rh6 20.Rdg1 Rfh8 21.Rh3 f6 22.Nd1 Bf4
23.Rgh1 Qe8 24.Nc3 Rxh5 25.Rxh5 Rxh5 26.Rxh5 Qxh5 27.Qa4 c6 28.dxe6 dxe6
29.c5 Bc7 30.Qb3 Qe8 31.Bc4 Bc8 32.Qb4 Qd8 33.Qb3 Qe7 34.cxb6 axb6 35.a4 Ka7
36.Na2 Be5 37.Nb4 Qd6 38.Nc2 Qd2 39.Nb4 Qd6 40.Ka2 Bd4 41.Nd3 e5 42.Qd1 Qc7
43.Qe1 Qe7 44.Kb1 Bh3 45.Qh1 Qd7 46.Bb3 Kb7 47.Ka2 Kc7 48.Kb1 Kd6 49.Qh2 Qe8
50.Qh1 Qh5 51.Bd1 Bg4 52.Qxh5 Bxh5 53.Kc2 c5 54.b3 Bf7 55.Kd2 Kc6 56.Ke1 Kb7
57.Bc2 Ka6 58.Kd2 Ka5 59.Kc1 c4 60.b4+ Ka6 61.Nb2 Bxf2 62.Nd1 Be1 63.b5+ Ka5
64.Ne3 Kb4 65.Nd5+ Bxd5 66.exd5 Kc5 67.Be4 Bb4 68.Kc2 Kd4 69.Bg6 Kxd5 70.Bf7+ Kd4
71.Be6 Ba5 72.Bf5 Ke3 73.Bg4 c3  0-1

[Event "ARG-chJ"]
[Site "San Jorge"]
[Date "1993.??.??"]
[Round "6"]
[White "Churin, Leonardo"]
[Black "Ginzburg, Maximiliano"]
[Result "1/2-1/2"]
[WhiteElo "2145"]
[BlackElo "2375"]

1.d4 Nf6 2.c4 e6 3.Nf3 b6 4.Nc3 Bb4 5.Qb3 c5 6.a3 Ba5 7.Bg5 h6 8.Bh4 Nc6
9.O-O-O g5 10.Bg3 Bxc3 11.Qxc3 Ne4 12.Qc2 Nxg3 13.hxg3 g4 14.d5 gxf3 15.dxc6 Qg5+
16.e3 dxc6 17.gxf3 Bd7 18.Qc3 O-O-O 19.f4 Qe7 20.Bg2 f6 21.Rd2 Be8 22.Rxd8+ Qxd8
23.g4 Bd7 24.Qd3 Qf8 25.Bf3 Kc7 26.Rd1 Qe7 27.Qc2 Be8 28.Qa4 a5 29.Qc2 h5
30.gxh5 Bxh5 31.Rh1 Qe8 32.Bxh5 Rxh5 33.Qd1 Rxh1 34.Qxh1 Qg6 35.Kd2 e5 36.fxe5 fxe5
37.Qf3 Qe6 38.Qe4 Qf6 39.f4 Qd8+ 40.Kc2 exf4 41.Qxf4+ Kc8 42.Qf7 Qd6 43.Qf5+ Kb7
44.Qf4 Qg6+ 45.e4 Qg2+ 46.Kc3 Qh3+ 47.Kc2 Qg2+ 48.Kc3 Qh3+  1/2-1/2

[Event "SLO-chT"]
[Site "?"]
[Date "1993.??.??"]
[Round "?"]
[White "Kozul, Zdenko"]
[Black "Farago, Ivan"]
[Result "1-0"]
[WhiteElo "2595"]
[BlackElo "2540"]

1.d4 Nf6 2.c4 e6 3.Nf3 b6 4.Nc3 Bb4 5.Qc2 Bb7 6.a3 Bxc3+ 7.Qxc3 O-O 8.e3 d6
9.b4 Nbd7 10.Bb2 Ne4 11.Qc2 Ng5 12.Nd2 f5 13.Bd3 Bxg2 14.Rg1 Be4 15.f4 Bxd3
16.Qxd3 Ne4 17.Nxe4 fxe4 18.Qxe4 Qh4+ 19.Rg3 Qxh2 20.Rg2 Qh3 21.d5 e5 22.fxe5 dxe5
23.Ke2 Qh5+ 24.Kd3 Qf5 25.Rag1 g6 26.Rg5 Qxe4+ 27.Kxe4 Rae8 28.Bxe5 Rf2 29.Kd4 Rd2+
30.Kc3 Ra2 31.Bd4 Rxa3+ 32.Kb2 Rd3 33.Ra1 Rd2+ 34.Kc3 Rf2 35.Rxa7 Rc8 36.d6 Nf6
37.Bxf6 Rxf6 38.d7 Rd8 39.Rxc7 Rd6 40.Rd5 Rxd5 41.cxd5 Kf7 42.Kd4 Ke7 43.Ke5 Rxd7
44.d6+ Ke8 45.Rc1  1-0

[Event "St Ingbert op"]
[Site "St Ingbert"]
[Date "1993.??.??"]
[Round "5"]
[White "Bischoff, Klaus"]
[Black "Timmermans, Ivo"]
[Result "1-0"]
[WhiteElo "2515"]
[BlackElo "2295"]

1.d4 Nf6 2.c4 e6 3.Nf3 b6 4.Nc3 Bb7 5.a3 d5 6.Bg5 Be7 7.Bxf6 Bxf6 8.cxd5 exd5
9.g3 O-O 10.Bg2 Re8 11.O-O c5 12.e3 Na6 13.Rc1 Qd7 14.Qd3 Rac8 15.Rfd1 Nc7
16.h4 h6 17.Kh2 g5 18.hxg5 hxg5 19.Kg1 Kg7 20.Qc2 Bc6 21.dxc5 bxc5 22.e4 d4
23.e5 Bxe5 24.Nxg5 Rh8 25.Nce4 Qf5 26.Nxc5 Qxg5 27.Bxc6 Rh6 28.Bg2 Rch8 29.Ne4 Qg4
30.Qd3 Ne6 31.Qf3 Qg6 32.Rc6 Qh7 33.Kf1 d3 34.Rxe6 fxe6 35.Rxd3 Qf5 36.b4 Qxf3
37.Bxf3 Rf8 38.Kg2 Rg6 39.Rd7+ Rf7 40.Rxf7+  1-0

[Event "St Petersburg op"]
[Site "St Petersburg"]
[Date "1993.??.??"]
[Round "?"]
[White "Moskalenko, Viktor"]
[Black "Solozhenkin, Evgeniy"]
[Result "0-1"]
[WhiteElo "2555"]
[BlackElo "2515"]

1.d4 Nf6 2.c4 e6 3.Nf3 b6 4.Nc3 Bb4 5.Bg5 Bb7 6.e3 h6 7.Bh4 Bxc3+ 8.bxc3 d6
9.Nd2 Nbd7 10.f3 Qe7 11.Qa4 e5 12.e4 O-O 13.Bd3 Qe6 14.Bf2 Nh5 15.g3 Rfd8
16.O-O Qg6 17.Kh1 Nc5 18.Qc2 Nxd3 19.Qxd3 Rf8 20.g4 Nf4 21.Qe3 f5 22.Bg3 fxg4
23.fxg4 Qxg4 24.Rg1 Rf7 25.Raf1 Raf8 26.Bxf4 exf4 27.Qd3 Qh5 28.d5 c5 29.dxc6 Bxc6
30.Qxd6 Rf6 31.Qd4 R8f7 32.Nf3 Re6 33.Nd2 Rd7 34.Qf2 Rxd2 35.Qxd2 Bxe4+ 36.Rg2 Rg6  0-1

[Event "St Petersburg op"]
[Site "St Petersburg"]
[Date "1993.??.??"]
[Round "?"]
[White "Aseev, Konstantin N"]
[Black "Yemelin, Vasily"]
[Result "1-0"]
[WhiteElo "2490"]
[BlackElo "2345"]

1.d4 Nf6 2.c4 e6 3.Nf3 b6 4.Nc3 Bb7 5.Bg5 h6 6.Bh4 g5 7.Bg3 Nh5 8.e3 d6 9.d5 Nxg3
10.hxg3 Bg7 11.Nd4 c5 12.Nc2 Na6 13.Be2 Nc7 14.Bf3 Bxc3+ 15.bxc3 exd5 16.cxd5 Qf6
17.Qd2 Nb5 18.a4 Nxc3 19.O-O h5 20.Ra3 g4 21.Rxc3 gxf3 22.e4 fxg2 23.Kxg2 h4
24.g4 O-O-O 25.Rh3 Ba6 26.Rfh1 Rdg8 27.f3 Qb2 28.Qf2 f5 29.Ne3 Qxf2+ 30.Kxf2 fxe4
31.fxe4 Bd3 32.Nf5 Bxe4 33.Nxd6+ Kc7 34.Nxe4 Rxg4 35.Kf3  1-0

[Event "SWZ-ch"]
[Site "?"]
[Date "1993.??.??"]
[Round "?"]
[White "Klauser, Markus"]
[Black "Almada, Enrique"]
[Result "1-0"]
[WhiteElo "2350"]
[BlackElo "2345"]

1.d4 Nf6 2.c4 e6 3.Nf3 b6 4.Nc3 Bb7 5.a3 d5 6.cxd5 exd5 7.Qa4+ c6 8.Bg5 Be7
9.e3 Nbd7 10.Bd3 O-O 11.Rd1 h6 12.Bf4 Re8 13.O-O Bf8 14.Ne5 Nxe5 15.Bxe5 Nd7
16.Bg3 b5 17.Qc2 a5 18.a4 b4 19.Ne2 Qc8 20.Bh7+ Kh8 21.Bf5 Ba6 22.Rfe1 g6
23.Bh3 Bxe2 24.Rxe2 f5 25.f3 c5 26.e4 dxe4 27.fxe4 cxd4 28.exf5 Qxc2 29.Rxc2 gxf5
30.Bxf5 Nc5 31.Bf2 Nxa4 32.Bd7 d3 33.Rxd3 Nxb2 34.Bd4+  1-0

[Event "SWZ-ch"]
[Site "?"]
[Date "1993.??.??"]
[Round "?"]
[White "Huss, Andreas"]
[Black "Almada, Enrique"]
[Result "1-0"]
[WhiteElo "2400"]
[BlackElo "2345"]

1.d4 Nf6 2.Nf3 e6 3.c4 b6 4.Nc3 Bb7 5.a3 d5 6.Bg5 Be7 7.Bxf6 Bxf6 8.cxd5 exd5
9.e3 O-O 10.Be2 Qe7 11.Qb3 c6 12.O-O Na6 13.Rfe1 Nc7 14.Rad1 Rfe8 15.Bf1 Rad8
16.e4 dxe4 17.Nxe4 Nd5 18.Bc4 Qd7 19.Bxd5 Qxd5 20.Qxd5 cxd5 21.Nxf6+ gxf6
22.Nh4 Bc8 23.f3 Be6 24.Kf2 Rc8 25.Rd2 Kf8 26.g3 Ke7 27.Ng2 Kd6 28.Nf4 Rc4
29.Nh5 f5 30.Nf4 Rec8 31.Ng2 a5 32.Ke3 b5 33.Kf4 Rc2 34.Ree2 Rxd2 35.Rxd2 b4
36.axb4 axb4 37.Ne3 Rc1 38.h4 h6 39.Rd3 Kc6 40.Rd1 Rc4 41.Nxc4 dxc4 42.Ke5 Bd5
43.Rc1 f6+ 44.Kxf6 Kb5 45.Ke5 Bxf3 46.d5  1-0

[Event "SWZ-ch"]
[Site "?"]
[Date "1993.??.??"]
[Round "?"]
[White "Klauser, Markus"]
[Black "Huss, Andreas"]
[Result "0-1"]
[WhiteElo "2350"]
[BlackElo "2400"]

1.d4 e6 2.Nf3 Nf6 3.c4 b6 4.Nc3 Bb4 5.Bg5 h6 6.Bh4 Bb7 7.e3 Bxc3+ 8.bxc3 d6
9.Nd2 Nbd7 10.f3 Qe7 11.Qa4 O-O 12.Bd3 e5 13.e4 Qe8 14.O-O Nh5 15.Rfe1 Nf4
16.Bf1 Kh8 17.Bf2 f5 18.g3 Ne6 19.c5 fxe4 20.cxd6 Ng5 21.fxe4 Qf7 22.Be3 Nxe4
23.Bg2 Nxc3 24.Qc4 Bxg2 25.Kxg2 Nd5 26.Bg1 cxd6 27.Rf1 N7f6 28.Rac1 Qe6 29.dxe5 dxe5
30.Nf3 Rac8 31.Qe2 Rxc1 32.Nxe5 Rc6  0-1

[Event "SWZ-chT"]
[Site "?"]
[Date "1993.??.??"]
[Round "?"]
[White "Huss, Andreas"]
[Black "Hirzel, Rene"]
[Result "1-0"]
[WhiteElo "2400"]
[BlackElo "2215"]

1.d4 Nf6 2.Nf3 e6 3.c4 b6 4.Nc3 Bb4 5.Qc2 Bb7 6.a3 Bxc3+ 7.Qxc3 Ne4 8.Qc2 f5
9.e3 d6 10.Bd3 Nd7 11.O-O O-O 12.Nd2 Ndf6 13.f3 Nxd2 14.Bxd2 a5 15.b4 axb4
16.axb4 Qe7 17.b5 g5 18.Rxa8 Bxa8 19.e4 f4 20.Bb4 e5 21.c5 Bb7 22.cxd6 cxd6
23.Qc4+ Kg7 24.dxe5 Qxe5 25.Qc7+ Rf7 26.Qxb6 d5 27.Qc5 Nd7 28.Qc3 Kh6 29.exd5 Qe3+
30.Kh1 Bxd5 31.Re1 Qf2 32.Bc4 Nb6 33.Bxd5 Nxd5 34.Qc6+ Nf6 35.Qe6 Kg6 36.h3 Qb2
37.Qc4 Qf2 38.Qd3+ Kh6 39.Qf5 Qd4 40.Re5 Qa1+ 41.Be1 Kg7 42.Qxg5+ Kf8 43.Qxf4  1-0

[Event "UZB-ch"]
[Site "?"]
[Date "1993.??.??"]
[Round "4"]
[White "Barsov, Alexei"]
[Black "Kaiumov, Dmitry D"]
[Result "1/2-1/2"]
[WhiteElo "2440"]
[BlackElo "2410"]

1.d4 Nf6 2.c4 e6 3.Nf3 b6 4.Nc3 Bb7 5.a3 d5 6.cxd5 Nxd5 7.Qc2 Be7 8.Bd2 Nd7
9.e4 Nxc3 10.Bxc3 O-O 11.O-O-O Qc8 12.h4 Rd8 13.Rh3 Nf8 14.h5 c5 15.d5 exd5
16.exd5 Rxd5 17.Rg3 Rxd1+ 18.Qxd1 g6 19.hxg6 Nxg6 20.Qd2 Qf5 21.Bd3 Be4  1/2-1/2

[Event "Warsaw op"]
[Site "Warsaw"]
[Date "1993.??.??"]
[Round "3"]
[White "Zielinska, Marta"]
[Black "Adamski, Jan"]
[Result "0-1"]
[WhiteElo "2185"]
[BlackElo "2410"]

1.d4 Nf6 2.Nf3 e6 3.c4 b6 4.Nc3 Bb4 5.Bg5 Bb7 6.e3 c5 7.a3 Bxc3+ 8.bxc3 d6
9.Bd3 Nbd7 10.O-O O-O 11.Qc2 h6 12.Bh4 Re8 13.Nd2 Qc7 14.Bxf6 Nxf6 15.e4 cxd4
16.cxd4 e5 17.d5 Nd7 18.g3 Rac8 19.f4 b5 20.Rac1 Ba6 21.Kh1 bxc4 22.Nxc4 exf4
23.Rxf4 Bxc4 24.Bxc4 Ne5 25.Bb3 Qb8  0-1

[Event "Akureyri"]
[Site "Akureyri"]
[Date "1994.??.??"]
[Round "?"]
[White "Van Wely, Loek"]
[Black "Jonsson, Bjorgvin"]
[Result "1-0"]
[WhiteElo "2570"]
[BlackElo "2380"]

1.d4 Nf6 2.c4 e6 3.Nf3 b6 4.Nc3 Bb7 5.a3 d5 6.Bg5 Be7 7.Qa4+ Nbd7 8.Bxf6 Bxf6
9.cxd5 exd5 10.g3 c5 11.Bh3 a6 12.dxc5 bxc5 13.e4 d4 14.Nd5 Bxd5 15.exd5 Ra7
16.O-O O-O 17.Qc6 Qc8 18.Rac1 Rc7 19.Bxd7 Rxc6 20.dxc6 Qc7 21.Rxc5 Qd6 22.b4 g6
23.Rd1 d3 24.Bh3 Bd8 25.Ne5 d2 26.Nc4 Qe7 27.Rxd2 Qe1+ 28.Bf1 Bb6 29.Nxb6 Qxd2
30.c7  1-0

[Event "Aruba m"]
[Site "Aruba"]
[Date "1994.??.??"]
[Round "6"]
[White "Piket, Jeroen"]
[Black "Polugaevsky, Lev"]
[Result "1/2-1/2"]
[WhiteElo "2605"]
[BlackElo "2595"]

1.d4 Nf6 2.Nf3 e6 3.c4 b6 4.Nc3 Bb7 5.a3 d5 6.cxd5 Nxd5 7.Qc2 Nxc3 8.bxc3 Be7
9.e4 O-O 10.Bd3 c5 11.O-O Qc8 12.Qe2 Ba6 13.Bb2 Bxd3 14.Qxd3 Qa6 15.c4 cxd4
16.Nxd4 Rc8 17.Nb5 Nc6 18.Qg3 e5 19.f4 Nd4 20.Bxd4 exd4 21.f5 Rxc4 22.f6 Bxf6
23.Nd6 Rc3 24.Qg4 Rxa3 25.Rad1 Rd3 26.e5 Rxd1 27.Qxd1 Qa3 28.Qxd4 Rd8 29.Re1 Be7
30.Kh1 Qb3 31.Qf4 Qe6 32.Nf5 Bf8 33.h3 h6 34.Nd4 Qg6 35.e6 fxe6 36.Nxe6 Re8
37.Qc4 Qf7 38.Re4 Bd6 39.Kg1 b5 40.Qc6 Be7 41.Qxb5 Rc8 42.Qd7 Rd8 43.Qa4 Rd2
44.Nf4 Bc5+ 45.Kh2 Rf2 46.Re8+ Kh7 47.Qe4+ g6 48.Nxg6 Rxg2+ 49.Qxg2 Qxe8
50.Nf4 Bd6 51.Qb7+ Kh8 52.Qxa7 Bxf4+ 53.Kg2 Qe4+ 54.Kf2 Be5 55.Qd7 Bd4+ 56.Kg3 Qe3+
57.Kg4 Qe2+ 58.Kf4 Qe3+ 59.Kg4 Qe2+  1/2-1/2

[Event "AUT-chT"]
[Site "?"]
[Date "1994.??.??"]
[Round "?"]
[White "Deutsch, Ludwig"]
[Black "Felsberger, Alfred"]
[Result "1/2-1/2"]
[WhiteElo "2220"]
[BlackElo "2360"]

1.d4 Nf6 2.c4 e6 3.Nf3 b6 4.Nc3 Bb4 5.Bd2 Bb7 6.e3 O-O 7.Be2 c5 8.O-O cxd4
9.exd4 Re8 10.Ne5 Nc6 11.Bf3 Bxc3 12.Bxc3 d5 13.Re1 Rc8 14.c5 bxc5 15.Nxc6 Rxc6
16.dxc5 Rxc5 17.Bd4 Rc6 18.Qb3 Ba8 19.Rad1 Rc7 20.h3 Nd7 21.Bc3 Qb8 22.Qa4 Rc4
23.Qc2 Nb6 24.Qe2 Rcc8 25.Bg4 Rcd8 26.Be5 Qb7 27.f4 Qe7 28.Bd4 Bb7 29.Qf2 Qd6
30.Qg3 f6 31.Be2 Rf8 32.Qe3 Bc8 33.Bc5 Qb8 34.b3 g6 35.Bxf8 Rxf8 36.Bf3 Qd6
37.Qd4 Kf7 38.a4  1/2-1/2

[Event "AUT-chT2S 9394"]
[Site "AUT"]
[Date "1994.??.??"]
[Round "?"]
[White "Petran, Pal"]
[Black "Kiss, Attila"]
[Result "1-0"]
[WhiteElo "2440"]
[BlackElo "2355"]

1.d4 Nf6 2.c4 e6 3.Nf3 b6 4.Nc3 Bb7 5.Bg5 h6 6.Bh4 g5 7.Bg3 Bg7 8.Qc2 Nh5
9.e3 Nxg3 10.hxg3 d6 11.O-O-O Nd7 12.Bd3 Qe7 13.Be4 c6 14.Nd2 d5 15.Bf3 O-O
16.g4 Rac8 17.Kb1 b5 18.c5 e5 19.Nf1 b4 20.Na4 e4 21.Be2 f5 22.Ng3 fxg4 23.Bxg4 Ba6
24.Nf5 Rxf5 25.Bxf5 Rf8 26.g4 Bb5 27.b3 Nb8 28.Nb2 a5 29.Rh3 Rxf5 30.gxf5 g4
31.Rh5 Nd7 32.Rdh1 Kh7 33.Qd1 Nf6 34.R5h4 Ba6 35.Qg1 Bc8 36.Qh2 Qf8 37.Qc7 Bd7
38.Na4 Kg8 39.Nb6 Be8 40.Nc8 Bd7 41.Nd6 Qa8 42.Qb7 Qxb7 43.Nxb7 Bxf5 44.Nxa5 Bd7
45.Rxh6 g3 46.fxg3 Ng4 47.Rd6 Be8 48.Re1 Bh6 49.Rxh6 Nxh6 50.Kc1 Ng4 51.Kd2 Nh2
52.Rh1 Nf3+ 53.Ke2 Kg7 54.Kf2 Bd7 55.g4 Be8 56.Kg3 Bd7 57.Kf4 Be8 58.g5 Bd7
59.Rh6 Ne1 60.Rd6 Be8  1-0

[Event "Bad Ragaz op"]
[Site "Bad Ragaz"]
[Date "1994.??.??"]
[Round "3"]
[White "Bezold, Michael"]
[Black "Jahn, Constanze"]
[Result "1-0"]
[WhiteElo "2515"]
[BlackElo "2235"]

1.Nf3 Nf6 2.d4 e6 3.c4 b6 4.Nc3 Bb4 5.Bg5 Bb7 6.Nd2 c5 7.a3 cxd4 8.axb4 dxc3
9.bxc3 d5 10.e3 O-O 11.cxd5 exd5 12.Bb5 h6 13.Bh4 a6 14.Ba4 b5 15.Bc2 Nbd7
16.O-O Qc7 17.Rc1 Rac8 18.Bf5 Rce8 19.Nb3 Ne4 20.f3 Nd6 21.Bg3 Ne5 22.Bb1 Ndc4
23.Re1 Qb6 24.Qd4 Qxd4 25.exd4 Nd7 26.Bf5 Bc8 27.Bc7 g6 28.Bd3 Nb2 29.Bf1 Na4
30.Red1 Re3 31.Bf4 Rxc3 32.Bxh6 Re8 33.Nc5 Ndxc5 34.dxc5 Rxc1 35.Bxc1 Bb7
36.Kf2 Bc6 37.Be3 Nb2 38.Ra1 Ra8 39.Bd4 Nc4 40.Bc3 Kf8 41.h4 f5 42.g4 fxg4
43.fxg4 Kg8 44.Kg3 Ne3 45.Bd3 d4 46.Bxd4 Rd8 47.Bxe3 Rxd3 48.Kf4 Bb7 49.Re1 Rd5
50.Re2 Rd7 51.Rd2 Re7 52.Rd8+ Kf7 53.Bd4 Bg2 54.Be5 Bc6 55.Rc8 Bg2 56.c6 Ke6
57.c7 Rf7+ 58.Kg5 Bb7 59.Rb8  1-0

[Event "Belgrade Trako"]
[Site "Belgrade"]
[Date "1994.??.??"]
[Round "9"]
[White "Nestorovic, Dejan"]
[Black "Genov, Petar"]
[Result "0-1"]
[WhiteElo "2365"]
[BlackElo "2470"]

1.d4 Nf6 2.c4 e6 3.Nf3 b6 4.Nc3 Bb4 5.Bg5 Bb7 6.e3 h6 7.Bh4 Bxc3+ 8.bxc3 d6
9.Nd2 g5 10.Bg3 Nbd7 11.f3 Qe7 12.e4 O-O-O 13.Qa4 Kb8 14.c5 dxc5 15.Ba6 Nh5
16.Rb1 cxd4 17.cxd4 Nxg3 18.hxg3 Qd6 19.Bxb7 Nc5 20.dxc5 Qxd2+ 21.Kf1 Kxb7
22.c6+ Kb8 23.g4 Rd4 24.Qa6 Qd3+ 25.Qxd3 Rxd3 26.Ke2 Rc3 27.Rbc1 Rxc1 28.Rxc1 Rd8
29.Rh1 Rd6 30.Rxh6 Rxc6 31.Rf6 Rc2+ 32.Kd3 Rxg2 33.a4 Ra2 34.Rxf7 Rxa4 35.Rf6 Ra3+
36.Kd4 a5 37.Rxe6 Rxf3 38.Rg6 a4 39.Rxg5 a3 40.Rh5 Rg3 41.Rh2 Rxg4 42.Kd5 Kb7
43.e5 c6+ 44.Kd6 Rd4+ 45.Ke7 b5  0-1

[Event "Belgrade Trako"]
[Site "Belgrade"]
[Date "1994.??.??"]
[Round "12"]
[White "Nestorovic, Dejan"]
[Black "Cosma, Ioan"]
[Result "1/2-1/2"]
[WhiteElo "2365"]
[BlackElo "2435"]

1.d4 Nf6 2.c4 e6 3.Nf3 b6 4.Nc3 Bb7 5.a3 d5 6.Qc2 Be7 7.cxd5 exd5 8.Bg5 Nbd7
9.e3 O-O 10.Bd3 h6 11.Bh4 c5 12.O-O Nh5 13.Bg3 Nxg3  1/2-1/2